[Event "4NCL Online Division 3"]
[Site "online"]
[Date "2020.04.14"]
[Round "2.81"]
[White "Trivedi, Aarnavh"]
[Black "Thomson, Neil"]
[Result "0-1"]
[WhiteElo "1975"]
[BlackElo "1960"]
[PlyCount "70"]
[EventDate "2020.04.14"]
[WhiteTeam "Poisoned Pawns"]
[BlackTeam "Four Horsemen"]

1. c4 Nf6 2. g3 g6 3. Bg2 Bg7 4. Nc3 O-O 5. d3 d6 6. e3 e5 7. Nge2 c6 8. O-O
Be6 9. b4 a6 10. Rb1 Nbd7 11. a4 d5 12. c5 Ne8 13. d4 e4 14. Nf4 g5 15. Nh5 f5
16. Nxg7 Nxg7 17. b5 axb5 18. axb5 Bf7 19. g4 fxg4 20. bxc6 bxc6 21. Qxg4 Bh5
22. Qg3 Nf5 23. Qh3 Qe8 24. f3 exf3 25. Bxf3 Bxf3 26. Rxf3 Qg6 27. Rf2 g4 28.
Qg2 Nh4 29. Qg3 Rxf2 30. Qxf2 Nf3+ 31. Kg2 Rf8 32. Qg3 Qc2+ 33. Kh1 Qxc3 34.
Qxg4+ Kh8 35. Bb2 Qc2 0-1

[Event "4NCL Online Division 3"]
[Site "online"]
[Date "2020.04.14"]
[Round "2.82"]
[White "Murdochy, Shivan"]
[Black "Srivastava, Arnav"]
[Result "0-1"]
[WhiteElo "1887"]
[BlackElo "1960"]
[PlyCount "94"]
[EventDate "2020.04.14"]
[WhiteTeam "Four Horsemen"]
[BlackTeam "Poisoned Pawns"]

1. d4 Nf6 2. c4 e6 3. Nc3 Bb4 4. f3 d5 5. a3 Bxc3+ 6. bxc3 O-O 7. cxd5 exd5 8.
e3 c5 9. Bd3 Nc6 10. Ne2 Re8 11. O-O Rb8 12. Ng3 b5 13. Re1 a5 14. a4 b4 15.
dxc5 bxc3 16. Ne2 Qe7 17. Ra3 Qxc5 18. Rxc3 Qd6 19. Bb5 Bd7 20. e4 Ne5 21. Ba3
Qb6+ 22. Bc5 Qb7 23. Nd4 Rbc8 24. Nf5 Re6 25. Qd4 Bxb5 26. axb5 Rd8 27. f4 Ned7
28. e5 Nxc5 29. Rxc5 g6 30. Nh6+ Kf8 31. Rec1 Ne4 32. Rc7 Qxb5 33. Rxf7+ Ke8
34. Qa7 Qb6+ 35. Qxb6 Rxb6 36. Rxh7 Rdb8 37. h4 Rb1 38. Rxb1 Rxb1+ 39. Kh2 d4
40. Ng4 d3 41. Ne3 d2 42. h5 gxh5 43. f5 Re1 44. f6 Rxe3 45. f7+ Ke7 46. e6
d1=Q 47. Rh8 Qd6+ 0-1

[Event "4NCL Online Division 3"]
[Site "online"]
[Date "2020.04.14"]
[Round "2.83"]
[White "Volovich, Julia"]
[Black "Gillespie, David Paul"]
[Result "1-0"]
[WhiteElo "1930"]
[BlackElo "1862"]
[PlyCount "43"]
[EventDate "2020.04.14"]
[WhiteTeam "Poisoned Pawns"]
[BlackTeam "Four Horsemen"]

1. d4 d5 2. c4 e6 3. Nc3 Nf6 4. Bg5 Be7 5. e3 O-O 6. Nf3 h6 7. Bh4 Ne4 8. Bxe7
Qxe7 9. Rc1 c6 10. g4 Nd7 11. h4 e5 12. cxd5 exd4 13. Qxd4 Nxc3 14. Rxc3 cxd5
15. g5 h5 16. Bg2 Re8 17. O-O Nb6 18. Qf4 Qe4 19. Qh2 Nc4 20. b3 Na5 21. Nd4
Qg4 22. Rc7 1-0

[Event "4NCL Online Division 3"]
[Site "online"]
[Date "2020.04.14"]
[Round "2.84"]
[White "Wilkinson, Kevin"]
[Black "Dharmasena, Kian"]
[Result "0-1"]
[WhiteElo "1392"]
[BlackElo "1825"]
[PlyCount "62"]
[EventDate "2020.04.14"]
[WhiteTeam "Four Horsemen"]
[BlackTeam "Poisoned Pawns"]

1. c4 c5 2. Nc3 Nc6 3. g3 g6 4. Bg2 Bg7 5. a3 Nf6 6. Nf3 O-O 7. O-O d6 8. Rb1
Bf5 9. d3 Nd7 10. Bd2 Nde5 11. Re1 Rb8 12. b4 Nxf3+ 13. Bxf3 Ne5 14. Bg2 b6 15.
bxc5 dxc5 16. Nd5 Qd7 17. Bc1 Ng4 18. Bb2 Bxb2 19. Rxb2 e6 20. Ne3 Nxe3 21.
fxe3 e5 22. e4 Qd4+ 23. Kh1 Qxb2 24. exf5 Kg7 25. Rf1 f6 26. Bd5 b5 27. e4 bxc4
28. dxc4 Qa2 29. Qf3 Rb1 30. h4 Rxf1+ 31. Qxf1 Rb8 0-1

[Event "4NCL Online Division 3"]
[Site "online"]
[Date "2020.04.14"]
[Round "2.91"]
[White "Peacock, Malcolm R"]
[Black "Rahman, Asad"]
[Result "0-1"]
[WhiteElo "2072"]
[BlackElo "2095"]
[PlyCount "108"]
[EventDate "2020.04.14"]
[WhiteTeam "Preston South End"]
[BlackTeam "Harrow 2"]

1. c4 c5 2. g3 Nc6 3. Bg2 Nf6 4. Nc3 e6 5. e4 Be7 6. Nge2 e5 7. O-O d6 8. d3
O-O 9. f4 Bg4 10. h3 Bxe2 11. Nxe2 a6 12. f5 b5 13. g4 Nd7 14. Be3 Bg5 15. Bf2
Rb8 16. b3 bxc4 17. dxc4 Nd4 18. Nc3 Nb6 19. Rb1 Bh4 20. Qe1 Bxf2+ 21. Qxf2 Qg5
22. Nd1 Nxc4 23. Ra1 Na3 24. Ne3 c4 25. h4 Qd8 26. bxc4 Qb6 27. f6 g6 28. Rad1
Rfd8 29. Rd3 Nb1 30. Kh1 Qb2 31. Nd5 Qxf2 32. Rxf2 Rb7 33. Bf1 Rdb8 34. h5 Rb2
35. hxg6 fxg6 36. f7+ Kf8 37. Rf6 Nd2 38. Rh3 Kg7 39. f8=Q+ Rxf8 40. Rxh7+ Kxh7
41. Rxf8 Nxe4 42. Bg2 Nf2+ 43. Kg1 Nxg4 44. Be4 Rxa2 45. Ne7 Ne2+ 46. Kg2 Nc3+
47. Kg3 Nxe4+ 48. Kxg4 Rg2+ 49. Kh3 Rg3+ 50. Kh4 g5+ 51. Kh5 Rh3+ 52. Kg4 Rh4+
53. Kf5 Rf4+ 54. Ke6 Rxf8 0-1

[Event "4NCL Online Division 3"]
[Site "online"]
[Date "2020.04.14"]
[Round "2.92"]
[White "Walkusz, Miroslaw"]
[Black "Thompson, Peter"]
[Result "1-0"]
[WhiteElo "1939"]
[BlackElo "1900"]
[PlyCount "113"]
[EventDate "2020.04.14"]
[WhiteTeam "Harrow 2"]
[BlackTeam "Preston South End"]

1. d4 Nf6 2. c4 c5 3. d5 b5 4. Qc2 g6 5. e4 d6 6. cxb5 a6 7. Nc3 Bg7 8. Nf3 O-O
9. a4 e6 10. dxe6 Bxe6 11. Bg5 h6 12. Bh4 Qa5 13. Nd2 axb5 14. Bxb5 Na6 15. O-O
Nb4 16. Qd1 Bg4 17. f3 Be6 18. Nc4 Bxc4 19. Bxc4 Qb6 20. a5 Rxa5 21. Rxa5 Qxa5
22. Qxd6 g5 23. Bf2 Rc8 24. e5 Ne8 25. Qd7 Qc7 26. Bxf7+ Kf8 27. Bxe8 Bxe5 28.
Qxc7 Rxc7 29. Bb5 Nc2 30. Nd5 Rc8 31. Rc1 Nd4 32. Bc4 Rb8 33. b3 Ra8 34. Re1
Bg7 35. Nc7 Rd8 36. Ne6+ Nxe6 37. Bxe6 Bd4 38. Bxd4 cxd4 39. Rd1 Ke7 40. Bc4
Kf6 41. Kf2 Ke5 42. Re1+ Kf5 43. g4+ Kf6 44. Ke2 Ke5 45. Kd3+ Kf6 46. Re4 Ra8
47. Rxd4 Ra2 48. Re4 Rxh2 49. Re6+ Kg7 50. Bd5 h5 51. gxh5 Rxh5 52. Be4 g4 53.
Rg6+ Kf7 54. Rxg4 Rb5 55. Kc4 Rb6 56. Kc5 Rb8 57. b4 1-0

[Event "4NCL Online Division 3"]
[Site "online"]
[Date "2020.04.14"]
[Round "2.93"]
[White "Patsos, Charalampos"]
[Black "Lakhani, Kishan"]
[Result "0-1"]
[WhiteElo "1720"]
[BlackElo "1977"]
[PlyCount "90"]
[EventDate "2020.04.14"]
[WhiteTeam "Preston South End"]
[BlackTeam "Harrow 2"]

1. e4 c5 2. Nf3 d6 3. d4 cxd4 4. Nxd4 Nf6 5. Nc3 g6 6. f3 Bg7 7. Be3 O-O 8. Qd2
Nc6 9. O-O-O Nxd4 10. Bxd4 Be6 11. g4 Qa5 12. g5 Nh5 13. Bxg7 Nxg7 14. a3 Rfc8
15. h4 Rc5 16. Ne2 Qb6 17. Nf4 Rac8 18. Bd3 Bb3 19. Rh2 Bxc2 20. Bxc2 Rxc2+ 21.
Qxc2 Rxc2+ 22. Rxc2 Qe3+ 23. Kb1 f6 24. Nd5 Qxf3 25. Re1 Ne6 26. Rc8+ Kf7 27.
Rh8 Nf8 28. Re3 Qf1+ 29. Ka2 Kg7 30. gxf6+ exf6 31. Rxf8 Kxf8 32. Rc3 Kg7 33.
Ne7 Qh1 34. Rc7 Kf8 35. Nd5 Qxe4 36. Rc8+ Kf7 37. Rc7+ Ke6 38. Nc3 Qxh4 39.
Rxb7 Qc4+ 40. Ka1 h5 41. Rxa7 h4 42. Ra4 Qf1+ 43. Ka2 h3 44. Re4+ Kf7 45. Rh4
g5 0-1

[Event "4NCL Online Division 3"]
[Site "online"]
[Date "2020.04.14"]
[Round "2.94"]
[White "Dhemrait, Jagdeep"]
[Black "Tillotson, Carl"]
[Result "1-0"]
[WhiteElo "1982"]
[BlackElo "1690"]
[PlyCount "103"]
[EventDate "2020.04.14"]
[WhiteTeam "Harrow 2"]
[BlackTeam "Preston South End"]

1. e4 c5 2. Nc3 g6 3. f4 Bg7 4. Nf3 Nc6 5. Bb5 Qc7 6. Bxc6 bxc6 7. d3 Nf6 8.
O-O O-O 9. Qe1 d6 10. h3 Rb8 11. Qh4 c4 12. d4 Rd8 13. g4 h6 14. e5 dxe5 15.
fxe5 Nxg4 16. hxg4 Qd7 17. Bxh6 Qxg4+ 18. Qxg4 Bxg4 19. Bxg7 Kxg7 20. b3 Bxf3
21. Rxf3 Rxd4 22. Raf1 Rg4+ 23. Kf2 cxb3 24. axb3 Rf8 25. Ke1 Rg5 26. Re3 Rd8
27. Ne2 Rd5 28. Ref3 Rgxe5 29. Rxf7+ Kh6 30. Rh1+ Kg5 31. Rf3 Rf5 32. Rg1+ Kf6
33. Rfg3 g5 34. Rg4 c5 35. Ra4 Rd7 36. Ra6+ e6 37. Rg4 Rfd5 38. Re4 R5d6 39.
Ra5 Rd5 40. Nc3 Rf5 41. Ra6 Re5 42. Rc6 Rxe4+ 43. Nxe4+ Kf5 44. Nxc5 Rd5 45.
Nd3 e5 46. Ke2 a5 47. c4 Rd4 48. Rc5 Re4+ 49. Kf2 g4 50. Rxa5 g3+ 51. Kf1 Re3
52. Rxe5+ 1-0

[Event "4NCL Online Division 3"]
[Site "online"]
[Date "2020.04.14"]
[Round "2.101"]
[White "Dinter, Brian"]
[Black "Murphy, Sean J"]
[Result "1-0"]
[WhiteElo "2215"]
[BlackElo "1990"]
[PlyCount "67"]
[EventDate "2020.04.14"]
[WhiteTeam "Stroud The Young"]
[BlackTeam "Cork"]

1. d4 d5 2. Bf4 c5 3. e3 cxd4 4. exd4 Nc6 5. c3 Bf5 6. Bd3 Bxd3 7. Qxd3 e6 8.
Nf3 Bd6 9. Bg3 Nf6 10. Nbd2 O-O 11. Bxd6 Qxd6 12. O-O b5 13. a3 a5 14. b4 Rfb8
15. Nb3 Ne4 16. Nc5 Nxc5 17. bxc5 Qd7 18. Rfb1 Qb7 19. Rb2 b4 20. Rab1 b3 21.
a4 f6 22. Qd1 Qa6 23. Rxb3 Rxb3 24. Rxb3 Qc4 25. Rb6 Rb8 26. Rxc6 Qxa4 27. Rc8+
Kf7 28. Ng5+ Ke7 29. Rc7+ Kf8 30. Nxe6+ Kg8 31. Rc8+ Kf7 32. Nd8+ Kg8 33. Nb7+
Kf7 34. Qxa4 1-0

[Event "4NCL Online Division 3"]
[Site "online"]
[Date "2020.04.14"]
[Round "2.102"]
[White "Lawrence, Simon"]
[Black "Francis, Joel"]
[Result "0-1"]
[WhiteElo "1772"]
[BlackElo "1675"]
[PlyCount "66"]
[EventDate "2020.04.14"]
[WhiteTeam "Cork"]
[BlackTeam "Stroud The Young"]

1. d4 Nf6 2. c4 c5 3. d5 e6 4. Nc3 exd5 5. cxd5 d6 6. e4 g6 7. Nf3 Bg7 8. Nd2
O-O 9. Be2 Re8 10. O-O a6 11. a4 Nbd7 12. Nc4 Ne5 13. Nxe5 Rxe5 14. Bf4 Re8 15.
Qd3 Nh5 16. Bxh5 gxh5 17. Rfe1 h4 18. h3 Qf6 19. Qd2 Qg6 20. Kh1 Kh8 21. Bg5
Rg8 22. Rg1 b6 23. Bxh4 Qh5 24. Qf4 f5 25. Bg3 fxe4 26. Qxd6 e3 27. fxe3 Bxh3
28. Bh2 Bf5 29. Qf4 Bh6 30. Qf2 Rg5 31. e4 Rag8 32. exf5 Qxh2+ 33. Kxh2 Rh5+
0-1

[Event "4NCL Online Division 3"]
[Site "online"]
[Date "2020.04.14"]
[Round "2.103"]
[White "Southcott-Moyers, Indy"]
[Black "Bradley, Michael"]
[Result "0-1"]
[WhiteElo "1442"]
[BlackElo "1411"]
[PlyCount "54"]
[EventDate "2020.04.14"]
[WhiteTeam "Stroud The Young"]
[BlackTeam "Cork"]

1. d4 Nf6 2. c4 c5 3. d5 b5 4. cxb5 a6 5. bxa6 g6 6. Nc3 Bxa6 7. e4 Bxf1 8.
Kxf1 d6 9. Nf3 Bg7 10. g3 O-O 11. Kg2 Nbd7 12. Bd2 Ng4 13. h3 Nge5 14. Nxe5
Nxe5 15. Qc2 c4 16. b3 Qb6 17. Be3 Qa6 18. Bd4 Rfc8 19. f4 Ng4 20. hxg4 Bxd4
21. Qd2 Bxc3 22. Qxc3 cxb3 23. Qe3 Rc2+ 24. Kg1 bxa2 25. f5 Re2 26. Qh6 Qb6+
27. Kf1 Qf2# 0-1

[Event "4NCL Online Division 3"]
[Site "online"]
[Date "2020.04.14"]
[Round "2.104"]
[White "Shindgi, Sumanth"]
[Black "Carey, Alex"]
[Result "0-1"]
[WhiteElo "1353"]
[BlackElo "1442"]
[PlyCount "128"]
[EventDate "2020.04.14"]
[WhiteTeam "Cork"]
[BlackTeam "Stroud The Young"]

1. d4 d5 2. c4 c6 3. Nc3 Nf6 4. Nf3 Bf5 5. Bf4 e6 6. g3 Nbd7 7. Bg2 Be7 8. O-O
O-O 9. Nh4 Bg6 10. Nxg6 hxg6 11. cxd5 exd5 12. e4 dxe4 13. Nxe4 Nxe4 14. Bxe4
Nf6 15. Bg2 Nd5 16. Be3 Bf6 17. Qb3 Nxe3 18. fxe3 Qb6 19. Qxb6 axb6 20. a4 Rfe8
21. Rfe1 Bg5 22. e4 Red8 23. Red1 Be3+ 24. Kf1 Bxd4 25. Ra2 Be5 26. Rxd8+ Rxd8
27. Ke2 Rd4 28. b3 Rb4 29. a5 Rxb3 30. axb6 Rxb6 31. Kd3 Kf8 32. Kc4 Ke7 33.
Ra5 Kd6 34. Ra8 Ra6 35. Rd8+ Ke7 36. Rd2 Rb6 37. Bh3 Rb2 38. Rxb2 Bxb2 39. Kc5
Kf6 40. Bc8 Ke5 41. Bxb7 Kxe4 42. Bxc6+ Ke3 43. Be8 f6 44. Bxg6 Kf2 45. g4 Kg2
46. Kd5 Kxh2 47. Ke6 Kg3 48. Kf5 Kh4 49. Bh5 Bc1 50. Kg6 Bh6 51. Kf5 Kg3 52.
Kg6 Kf4 53. Kh7 Kg5 54. Kg8 g6 55. Kf7 gxh5 56. gxh5 f5 57. Ke6 f4 58. Ke5 Kxh5
59. Ke4 Kg4 60. Kd3 Kg3 61. Ke2 Kg2 62. Ke1 f3 63. Kd1 f2 64. Ke2 f1=Q# 0-1

[Event "4NCL Online Division 3"]
[Site "online"]
[Date "2020.04.14"]
[Round "2.111"]
[White "Tambini, Jasper"]
[Black "Hosdurga, Chirag"]
[Result "0-1"]
[WhiteElo "2040"]
[BlackElo "2132"]
[PlyCount "82"]
[EventDate "2020.04.14"]
[WhiteTeam "Surbiton 2"]
[BlackTeam "The Rook1Es"]

1. e4 c5 2. Nc3 Nc6 3. f4 e6 4. Nf3 a6 5. a4 g6 6. g3 Bg7 7. e5 d6 8. exd6 Qxd6
9. Ne4 Qc7 10. Bg2 b6 11. O-O Nge7 12. Ne5 Rb8 13. Kh1 O-O 14. b3 Nxe5 15. fxe5
Bxe5 16. d4 cxd4 17. Bh6 Rd8 18. Nf6+ Bxf6 19. Rxf6 Nf5 20. Rxf5 exf5 21. Bf4
Qa7 22. Be5 Bb7 23. Bxd4 Bxg2+ 24. Kxg2 Qb7+ 25. Kg1 Qe4 26. c3 b5 27. Qd2 b4
28. Rd1 bxc3 29. Qxc3 Rbc8 30. Qa1 Rc2 31. Bf2 Rxd1+ 32. Qxd1 Qe2 33. Qd8+ Kg7
34. Bd4+ Kh6 35. Qh4+ Qh5 36. Qf4+ g5 37. Qd6+ Qg6 38. Qf8+ Kh5 39. h3 Qe6 40.
Bf2 Qd5 41. Qg7 Rc1+ 0-1

[Event "4NCL Online Division 3"]
[Site "online"]
[Date "2020.04.14"]
[Round "2.112"]
[White "Walker, Max"]
[Black "Ratnesan, Rajeiv"]
[Result "1/2-1/2"]
[WhiteElo "1945"]
[BlackElo "1945"]
[PlyCount "43"]
[EventDate "2020.04.14"]
[WhiteTeam "The Rook1Es"]
[BlackTeam "Surbiton 2"]

1. e4 b6 2. d4 Bb7 3. Bd3 g6 4. Ne2 Bg7 5. f4 e6 6. O-O d6 7. f5 exf5 8. exf5
Nf6 9. Nf4 O-O 10. fxg6 hxg6 11. Bc4 Kh8 12. Qd3 Qd7 13. Be6 fxe6 14. Nxg6+ Kg8
15. Nxf8 Kxf8 16. Bh6 Kg8 17. Qg6 Qf7 18. Qg3 Kh8 19. Qh4 Kg8 20. Qg3 Kh8 21.
Qh4 Kg8 22. Qg3 1/2-1/2

[Event "4NCL Online Division 3"]
[Site "online"]
[Date "2020.04.14"]
[Round "2.113"]
[White "Sheard, Jack"]
[Black "Gao, Ian"]
[Result "0-1"]
[WhiteElo "1870"]
[BlackElo "1907"]
[PlyCount "84"]
[EventDate "2020.04.14"]
[WhiteTeam "Surbiton 2"]
[BlackTeam "The Rook1Es"]

1. Nf3 Nf6 2. c4 e6 3. g3 d5 4. Bg2 c6 5. O-O Be7 6. b3 O-O 7. Bb2 Nbd7 8. e3
b6 9. Nc3 Bb7 10. Qe2 e5 11. cxd5 cxd5 12. d4 e4 13. Ne5 Re8 14. f3 exf3 15.
Qxf3 Bd6 16. Nc4 Nf8 17. Nxd6 Qxd6 18. Rac1 Rab8 19. Bh3 Ne6 20. Bf5 a6 21. g4
Ng5 22. Qe2 g6 23. h4 Qg3+ 24. Qg2 Qxh4 25. Rf3 Nxf3+ 26. Qxf3 gxf5 27. gxf5
Qg4+ 28. Qxg4+ Nxg4 29. e4 dxe4 30. d5 e3 31. Kf1 h5 32. Ke2 Re5 33. Na4 Rxf5
34. Bd4 Rf2+ 35. Ke1 Bxd5 36. Nxb6 Bf3 37. Nc4 Re2+ 38. Kf1 Nh2+ 39. Kg1 Rg2+
40. Kh1 Rc2+ 41. Kg1 Rxc1+ 42. Kxh2 h4 0-1

[Event "4NCL Online Division 3"]
[Site "online"]
[Date "2020.04.14"]
[Round "2.114"]
[White "Saunders, Aron"]
[Black "Janota, Paul S"]
[Result "1-0"]
[WhiteElo "1847"]
[BlackElo "1844"]
[PlyCount "73"]
[EventDate "2020.04.14"]
[WhiteTeam "The Rook1Es"]
[BlackTeam "Surbiton 2"]

1. e4 e6 2. d4 d5 3. exd5 exd5 4. Nf3 Bd6 5. c4 c6 6. Nc3 Ne7 7. Bd3 dxc4 8.
Bxc4 O-O 9. O-O Bg4 10. Qd3 Bf5 11. Qe2 Ng6 12. Ng5 h6 13. Qf3 Qd7 14. Nge4 Bg4
15. Qd3 Nf4 16. Bxf4 Bxf4 17. Nf6+ gxf6 18. Qg6+ Kh8 19. Qxf6+ Kg8 20. Qxf4 Qf5
21. Qg3 Kh8 22. h3 Bh5 23. Qe5+ Qxe5 24. dxe5 Nd7 25. f4 Nb6 26. Bb3 Rg8 27. g4
Bxg4 28. hxg4 Rxg4+ 29. Kh2 Rag8 30. Rf3 Rg2+ 31. Kh3 Rxb2 32. Bxf7 Rgg2 33. e6
h5 34. Kh4 Rh2+ 35. Kg5 Rbg2+ 36. Kf6 Nc8 37. Rd1 1-0

[Event "4NCL Online Division 3"]
[Site "online"]
[Date "2020.04.14"]
[Round "2.121"]
[White "Smith, Simon C"]
[Black "Roberts, David N"]
[Result "0-1"]
[WhiteElo "1915"]
[BlackElo "1967"]
[PlyCount "130"]
[EventDate "2020.04.14"]
[WhiteTeam "Warley Mighty Quins"]
[BlackTeam "Horsham"]

1. Nf3 c5 2. c4 Nf6 3. Nc3 b6 4. e4 Bb7 5. e5 Ng8 6. d4 cxd4 7. Nxd4 Nc6 8. Nf3
Qb8 9. Bf4 e6 10. a3 Nge7 11. Qd2 Nf5 12. O-O-O Qc8 13. Be2 Be7 14. Rhe1 Na5
15. Kb1 Nb3 16. Qc2 Nc5 17. b4 Na6 18. g4 Nh4 19. Ne4 Qc6 20. Nd6+ Bxd6 21.
Nxh4 Be7 22. Bf3 Qc7 23. Bxb7 Qxb7 24. g5 Rc8 25. Qe4 Qxe4+ 26. Rxe4 h6 27. Nf3
hxg5 28. Nxg5 f6 29. Nf3 f5 30. Red4 Nb8 31. Kb2 Rh5 32. h4 Rc7 33. Rg1 Kf7 34.
Ng5+ Bxg5 35. Bxg5 Nc6 36. Rdd1 Nxe5 37. Bf4 Nxc4+ 38. Kb3 Rb7 39. Kxc4 Rxh4
40. Kb3 a5 41. Be5 g6 42. Rg5 axb4 43. axb4 Ra7 44. Rdg1 Rh6 45. Kc4 Ra2 46. f4
d5+ 47. Kb5 Rd2 48. Ra1 d4 49. Ra7+ Ke8 50. Kc6 d3 51. Bf6 Rc2+ 52. Kd6 d2 53.
Kxe6 Rc6+ 54. Kd5 d1=Q+ 55. Kxc6 Qc1+ 56. Kxb6 Qe3+ 57. Ka6 Qxf4 58. Re7+ Kf8
59. b5 Qd6+ 60. b6 Qxf6 61. Rc7 Qa1+ 62. Kb7 Qh1+ 63. Rc6 Rh7+ 64. Ka6 Qxc6 65.
Rg1 Qa4# 0-1

[Event "4NCL Online Division 3"]
[Site "online"]
[Date "2020.04.14"]
[Round "2.122"]
[White "Taylor, Alex B"]
[Black "Turner, Jon"]
[Result "1/2-1/2"]
[WhiteElo "1915"]
[BlackElo "1885"]
[PlyCount "70"]
[EventDate "2020.04.14"]
[WhiteTeam "Horsham"]
[BlackTeam "Warley Mighty Quins"]

1. e4 c5 2. Nf3 d6 3. d4 cxd4 4. Nxd4 Nf6 5. Nc3 g6 6. Be3 Bg7 7. f3 O-O 8. Qd2
a6 9. O-O-O b5 10. Kb1 Bb7 11. Bh6 Nc6 12. Bxg7 Kxg7 13. g4 Rc8 14. h4 b4 15.
Nd5 a5 16. h5 Nxd5 17. exd5 Rh8 18. Nxc6 Bxc6 19. dxc6 Rxc6 20. hxg6 hxg6 21.
Rxh8 Qxh8 22. Qd4+ f6 23. Bc4 Qc8 24. Bb3 Rc5 25. Rh1 Qc6 26. Qd2 d5 27. Rd1 e6
28. c3 bxc3 29. bxc3 Rxc3 30. Rc1 Rxc1+ 31. Qxc1 Qb6 32. Qb2 Qg1+ 33. Qc1 Qb6
34. Qb2 Qg1+ 35. Qc1 Qb6 1/2-1/2

[Event "4NCL Online Division 3"]
[Site "online"]
[Date "2020.04.14"]
[Round "2.123"]
[White "Emery, Ian"]
[Black "Ashby, Nicholas G"]
[Result "0-1"]
[WhiteElo "1825"]
[BlackElo "1817"]
[PlyCount "76"]
[EventDate "2020.04.14"]
[WhiteTeam "Warley Mighty Quins"]
[BlackTeam "Horsham"]

1. e4 c5 2. Nf3 g6 3. c3 Bg7 4. d4 Qc7 5. dxc5 Qxc5 6. Be3 Qc7 7. Be2 Nc6 8.
O-O Nf6 9. Nbd2 O-O 10. Nd4 Nxd4 11. cxd4 b6 12. Rc1 Qd8 13. Bf4 d6 14. Bb5 Nh5
15. Be3 a6 16. Bc6 Rb8 17. b3 Bb7 18. d5 Bxc6 19. Rxc6 e6 20. Nc4 Qh4 21. f3
exd5 22. Qxd5 b5 23. Nxd6 Nf4 24. Bxf4 Qxf4 25. Rxa6 Rbd8 26. Qc5 Be5 27. g3
Bxd6 28. Qxb5 Qe3+ 29. Kh1 Bc5 30. Rc6 Ba7 31. Rc2 Rd2 32. Rxd2 Qxd2 33. a4 Qe3
34. a5 Rb8 35. Qc4 Rxb3 36. Qc6 Bd4 37. Qe8+ Kg7 38. a6 Rb1 0-1

[Event "4NCL Online Division 3"]
[Site "online"]
[Date "2020.04.14"]
[Round "2.124"]
[White "Trofin, Marian"]
[Black "Jeffs, David"]
[Result "0-1"]
[WhiteElo "1525"]
[BlackElo "1720"]
[PlyCount "70"]
[EventDate "2020.04.14"]
[WhiteTeam "Horsham"]
[BlackTeam "Warley Mighty Quins"]

1. d4 d5 2. Nc3 e6 3. a3 Nf6 4. h3 c5 5. Nf3 Nc6 6. e3 a6 7. Be2 Bd6 8. dxc5
Bxc5 9. O-O O-O 10. Nh2 Ne5 11. Ng4 Nexg4 12. Bxg4 Nxg4 13. Qxg4 e5 14. Qh5 Qd6
15. b4 Bb6 16. Bb2 Bc7 17. Rad1 e4 18. g3 Qe5 19. Rxd5 Qxh5 20. Rxh5 f5 21. g4
g6 22. Rh6 Bd8 23. h4 Bf6 24. gxf5 Bxf5 25. h5 Bg7 26. hxg6 Bxh6 27. gxh7+ Kxh7
28. Nd5 Rg8+ 29. Kh1 Rg5 30. Rd1 Rh5+ 31. Kg1 Rg8+ 32. Kf1 Rh1+ 33. Ke2 Bg4+
34. Kd2 Rxd1+ 35. Kc3 Rxd5 0-1

[Event "4NCL Online Division 3"]
[Site "online"]
[Date "2020.04.14"]
[Round "2.131"]
[White "Karia, Rishul"]
[Black "Mashayekh, Majid"]
[Result "1-0"]
[WhiteElo "1870"]
[BlackElo "1881"]
[PlyCount "83"]
[EventDate "2020.04.14"]
[WhiteTeam "Warwick University B"]
[BlackTeam "CSC 4"]

1. e4 c5 2. Nc3 Nc6 3. Bc4 e6 4. f4 d6 5. Nf3 a6 6. a4 g6 7. d3 Bg7 8. O-O Nge7
9. Bb3 Nd4 10. Nxd4 cxd4 11. Ne2 Nc6 12. f5 Be5 13. Bf4 exf5 14. Ng3 Bxf4 15.
Rxf4 g5 16. Qh5 Ne5 17. Rxf5 Bxf5 18. Nxf5 Qf6 19. Rf1 O-O-O 20. Nxd4 Qg6 21.
Qh3+ g4 22. Qh4 Rhg8 23. Rf6 Qg5 24. Qxg5 Rxg5 25. Nf5 Rg6 26. Ne7+ Kc7 27.
Nxg6 fxg6 28. Rf4 h5 29. Rf6 g3 30. hxg3 Ng4 31. Rxg6 Rf8 32. Rg7+ Kb8 33. Rf7
Rxf7 34. Bxf7 Nf6 35. Kf2 Kc7 36. Kf3 Kd7 37. Kf4 Ke7 38. Bg6 Ke6 39. Kg5 Ng4
40. Bf5+ Ke5 41. Bxg4 hxg4 42. Kxg4 1-0

[Event "4NCL Online Division 3"]
[Site "online"]
[Date "2020.04.14"]
[Round "2.132"]
[White "Towers, Nigel S"]
[Black "Fowler, Jonathan"]
[Result "1/2-1/2"]
[WhiteElo "1858"]
[BlackElo "1892"]
[PlyCount "54"]
[EventDate "2020.04.14"]
[WhiteTeam "CSC 4"]
[BlackTeam "Warwick University B"]

1. e4 e5 2. Bc4 Nf6 3. d3 Nc6 4. Nc3 Be7 5. f4 O-O 6. Nf3 d6 7. f5 Na5 8. O-O
c6 9. Bb3 Qc7 10. Bd2 Nxb3 11. axb3 d5 12. Qe2 d4 13. Nd1 g6 14. Bh6 Re8 15.
fxg6 fxg6 16. Bg5 Nh5 17. Qf2 Bg4 18. Bh6 Bf8 19. Bg5 Bg7 20. Qh4 Bxf3 21. Rxf3
Rf8 22. Rxf8+ Bxf8 23. Nf2 a6 24. Ng4 Bg7 25. Rf1 Rf8 26. Rxf8+ Kxf8 27. Qf2+
Qf7 1/2-1/2

[Event "4NCL Online Division 3"]
[Site "online"]
[Date "2020.04.14"]
[Round "2.133"]
[White "Behler, Paul"]
[Black "Frostick, Helen M"]
[Result "1/2-1/2"]
[WhiteElo "1750"]
[BlackElo "1855"]
[PlyCount "62"]
[EventDate "2020.04.14"]
[WhiteTeam "Warwick University B"]
[BlackTeam "CSC 4"]

1. e4 e5 2. f4 d6 3. Nf3 Nc6 4. Bc4 Be6 5. Bxe6 fxe6 6. fxe5 dxe5 7. O-O Nf6 8.
Ng5 Bc5+ 9. Kh1 Qe7 10. Nc3 O-O-O 11. d3 h6 12. Nf3 g5 13. g3 Rhf8 14. a3 Rf7
15. b4 Bd4 16. Bd2 Bxc3 17. Bxc3 Nxe4 18. Qe1 Nxc3 19. Qxc3 Rdf8 20. Kg2 Qd6
21. Nd2 Qd4 22. Qxd4 exd4 23. Ne4 e5 24. Nc5 Ne7 25. Rxf7 Rxf7 26. Re1 Ng6 27.
h3 b6 28. Nb3 Kd7 29. Nd2 Ke6 30. a4 Ne7 31. Nc4 Ng6 1/2-1/2

[Event "4NCL Online Division 3"]
[Site "online"]
[Date "2020.04.14"]
[Round "2.134"]
[White "Kumar, Soham"]
[Black "Fakhoury, Ziad Oussma"]
[Result "1-0"]
[WhiteElo "1742"]
[BlackElo "1450"]
[PlyCount "85"]
[EventDate "2020.04.14"]
[WhiteTeam "CSC 4"]
[BlackTeam "Warwick University B"]

1. e4 e6 2. d4 d5 3. Nc3 Nf6 4. e5 Nfd7 5. f4 c5 6. Nf3 Nc6 7. Be3 Qb6 8. Rb1
f6 9. Qd2 fxe5 10. fxe5 cxd4 11. Nxd4 Ndxe5 12. Nxe6 d4 13. Nxd4 Nxd4 14. Qxd4
Qxd4 15. Bxd4 Nc6 16. Bb5 Bd7 17. Bxc6 Bxc6 18. O-O O-O-O 19. Bxa7 Rd2 20. Rf2
Rxf2 21. Bxf2 Bb4 22. Bd4 Rd8 23. Ne2 Bb5 24. c4 Bc6 25. Rf1 Re8 26. Ng3 g6 27.
Rf7 Re1+ 28. Kf2 Rc1 29. Rxh7 Rxc4 30. Ne2 g5 31. Rg7 Bd2 32. g3 Bb5 33. h4 Rc2
34. h5 Bb4 35. h6 Rxe2+ 36. Kg1 Re8 37. h7 Bc4 38. Rxg5 Re1+ 39. Kg2 Re2+ 40.
Kh3 Be6+ 41. g4 Bxg4+ 42. Rxg4 Re8 43. Rg8 1-0

[Event "4NCL Online Division 3"]
[Site "online"]
[Date "2020.04.14"]
[Round "2.141"]
[White "Pigott, Darrell N"]
[Black "Boardman, Jeffrey"]
[Result "0-1"]
[WhiteElo "1900"]
[BlackElo "1975"]
[PlyCount "70"]
[EventDate "2020.04.14"]
[WhiteTeam "Watford 2"]
[BlackTeam "Railsport"]

1. e4 c6 2. c4 d5 3. exd5 cxd5 4. cxd5 Nf6 5. d4 Nxd5 6. Bb5+ Nd7 7. Nc3 Nxc3
8. bxc3 Qa5 9. Qb3 a6 10. Bc4 e6 11. Nf3 Be7 12. O-O b5 13. Bd3 Bb7 14. Ng5 Bd5
15. Qb2 h6 16. Ne4 O-O 17. Bd2 Ba3 18. Qb1 Qc7 19. f4 Rfe8 20. f5 exf5 21. Rxf5
Qc6 22. Ng3 Nb6 23. Qf1 Nc4 24. Bxc4 Bxc4 25. Qf3 Qxf3 26. Rxf3 Rac8 27. Kf2
Bd5 28. Rf5 Be6 29. Rf3 b4 30. cxb4 Bb2 31. Rb1 Rc2 32. Nf1 Bxa2 33. Rxb2 Rxb2
34. Rd3 Bc4 35. Ra3 Bxf1 0-1